100 joueurs marocains avec la plus grosse valeur marchande - Statistiques

Statistiques générales
  • Ce quiz a été pris 349 fois
  • Le résultat moyen est 24 sur 100
Statistiques - réponses
Club Prix Réponse % Correct
Paris SG 65 millions Achraf Hakimi
100%
Galatasaray 16 millions Hakim Ziyech
90%
Manchester United 30 millions Sofyan Amrabat
90%
Bayern Munich 28 millions Noussair Mazraoui
89%
West Ham 35 millions Nayef Aguerd
88%
Olympique de Marseille 12 millions Azzedine Ounahi
87%
Al-Hilal 12 millions Yassine Bounou
87%
Olympique de Marseile 12 millions Amine Harit
77%
Seville FC 20 millions Youssef En-Nesyri
71%
Toulouse FC 9 millions Zakaria Aboukhlal
70%
Al-Rayyan 8 millions Sofiane Boufal
65%
Betis Seville 15 millions Ez Abde
61%
Al-Shabab 5 millions Romain Saïss
57%
La Gantoise 13 millions Bilal El Khannouss
53%
Olympiakos 3,5 millions Ayoub El Kaabi
48%
Al-Ain 5,5 millions Soufiane Rahimi
46%
Valence 3 millions Selim Amallah
45%
Stade Brestois 2 millions Achraf Dari
44%
Burnley 12 millions Anass Zaroury
43%
Al-Ittihad 3 millions Abderrazak Hamdallah
41%
Queens Park Rangers 10 millions Ilias Chair
41%
Frosinone 7,5 millions Walid Cheddira
41%
PSV Eindhoven 2,3 millions Ismael Saibari
40%
Al-Fayha 2,5 millions Abdelhamid Sabiri
39%
Al-Wehda 2 millions Jawad El Yamiq
39%
Al-Wehda 1 million Munir
37%
Stade De Reims 3,5 millions Amir Richardson
36%
Wydad Casablanca 1,8 millions Yahya Jabrane
35%
Watford 9 millions Imran Louza
33%
La Gantoise 6 millions Tarik Tissoudali
29%
Stade Rennais 3 millions Ibrahim Salah
28%
Saint Etienne 4 millions Benjamin Bouchouari
27%
Wydad Casablanca 1,7 millions Ahmed Reda Tagnaouti
26%
Qatar SC 1,4 millions Badr Benoun
24%
UD Las Palmas 3,5 millions Munir El Haddadi
24%
Pyramids FC 800k Mohamed Chibi
22%
Le Havre AC 3,5 millions Yassine Kechta
22%
Udinese 2,5 millions Adam Masina
19%
Adana Demirspor 2 millions Younès Belhanda
19%
Raja Casablanca 1,2 millions Anas Zniti
18%
Pachuca 5,5 millions Oussama Idrissi
18%
Stoke City 2,2 millions Ryan Mmaee
18%
Ferencvaros 2,5 millions Samy Mmaee
18%
Deportivo Alaves 1,4 millions Abdel Abqar
17%
Al-Wehda 1,3 millions Faycal Fajr
17%
Olympiakos 800k Youssef El Arabi
17%
Le Havre AC 800k Oussama Targhalline
16%
Bologne 800k Oussama El Azzouzi
15%
Twente 1 million Younes Taha
15%
Mayence 2 millions Aymen Barkok
14%
Wydad Casablanca 1,2 millions Ayoub El Amloud
13%
FAR Rabat 1,2 millions El Mehdi Benabid
13%
Empoli 4,5 millions Youssef Maleh
13%
Al-Rayyan 3,5 millions Achraf Bencharki
12%
OGC Nice 2,5 millions Ayoub Amraoui
12%
Al-Alhy 2,2 millions Reda Slim
12%
Pyramids FC 1,8 millions Walid El Karti
12%
FAR Rabat 1,2 millions Mohamed Rabie Hrimat
11%
Al-Nasr 1,5 millions Adel Taarabt
10%
La Gantoise 3 millions Ismaël Kandouss
10%
EA Guingamp 1,5 millions Amine El Ouazzani
9%
Muaither SC 1,4 millions Aymane El Hassouni
9%
Wydad Casablanca 2,5 millions Yahia Attiah-Allah
8%
Ajman Club 3,5 millions Walid Azaro
7%
Oud-Heverlee Leuven 1 million Hamza Mendyl
6%
Melbourne City 2 millions Hamza Sakhi
6%
Raja Casablanca 1,2 millions Jamal Harkass
6%
Levante 1,5 millions Mohamed Bouldini
6%
Toulouse FC 1 million Yanis Begraoui
6%
Hajduk Split 1,5 millions Fahd Moufi
5%
Raja Casablanca 1,3 millions Mohamed Zrida
5%
LE Havre AC 1,2 millions Oualid El Hajjam
5%
FC Utrecht 1,4 millions Souffian El Karouani
5%
(sans club) 1,3 millions Zouhair Feddal
5%
Frosinone 2,7 millions Abdou Harroui
4%
RS Berkane 900k Hamza El Moussaoui
4%
Umm Salal 1 million Oussama Tannane
4%
Hajduk Split 3 millions Yassine Benrahou
4%
Samsunspor 800k Youssef Aït Bennasser
4%
Real Valladolid 900k Anuar
3%
Simba SC 1,2 millions Ayoub Lakred
3%
Frosinone 1,3 millions Mehdi Bourabia
3%
Raja Casablanca 900k Mehdi Moubarik
3%
Al-Fateh 800k Marwane Saadane
2%
(sans club) 1 million Omar El Kaddouri
2%
Raja Casablanca 850k Youssef Belammari
2%
FC Utrecht 1,6 millions Zakaria Labyad
2%
MAS Fès 850k Abdelali Mhamdi
1%
Houston Dynamo 1,5 millions Amine Bassi
1%
Al-Raed 1 million Karim El Berkaoui
1%
AJ Auxerre 800k Kays Ruiz-Atil
1%
Sabah FK 850k Marouane Hadhoudi
1%
FAR Rabat 850k Mohamed Moufid
1%
AJ Auxerre 1,8 millions Saad Agouzoul
1%
Al-Wasl 1 million Souffane Bouftini
1%
SC Heerenveen 1,2 millions Anas Tahiri
0%
Raja Casablanca 850k Ismail Mokadem
0%
Bari 1,5 millions Malcom Edjouma
0%
1.FC Magdeburg 800k Mohammed El Hankouri
0%
Modena FC 1 million Shady Oukhadda
0%
Aucun quiz correspondant
Distribution des résultats
% des personnes avec chaque résultat
Percentile par nombre de réponses
Votre historique - résultats
Vous n’avez pas pris ce quiz